| Поле | Название | Значение |
| |
Тип записи |
a |
| |
Библиографический уровень |
m |
| 001 |
Контрольный номер |
ebdee3f76f7c4017a2e07fd0acfdd7cb |
| 005 |
Дата корректировки |
20211004073810.7 |
| 010 |
Индекс ISBN |
__ |
| a |
ISBN |
978-5-389-18140-3 |
| d |
Цена |
569-00 |
| 100 |
Данные общей обработки |
__ |
| a |
Данные общей обработки |
20210929d2021####am#y0rusy50######ca |
| 101 |
Язык документа |
0_ |
| a |
Язык текста |
rus |
| c |
Язык оригинала |
eng |
| 102 |
Страна публикации |
__ |
| a |
Страна публикации |
RU |
| 200 |
Заглавие и сведения об ответственности |
1_ |
| a |
Заглавие |
Химия навсегда. О гороховом супе, опасности утреннего кофе и пробе мистера Марша |
| f |
Первые сведения об ответственности |
Ларс Орстрём |
| g |
Последующие сведения об ответственности |
перевод с английского Оксаны Постниковой |
| g |
Последующие сведения об ответственности |
научный редактор Иван Сорокин |
| 210 |
Выходные данные |
1_ |
| a |
Место издания |
Москва |
| c |
Издательство |
КоЛибри |
| c |
Издательство |
Азбука-Аттикус |
| d |
Дата издания |
2021 |
| 215 |
Физическое описание |
__ |
| a |
Объем |
255 с. |
| c |
Иллюстрации/тип воспроизводства |
фот., схемы |
| 300 |
Общие примечания |
__ |
| a |
Общие примечания |
Заглавие и автор оригинала: The Last Alchemist in Paris and other curious tales from chemistry / Lars Ӧhrstrӧm |
| 320 |
Библиография |
__ |
| a |
Библиография |
Библиография: с. 240 |
| 320 |
Библиография |
__ |
| a |
Библиография |
Примечания: с. 241-255 |
| 330 |
Аннотация |
__ |
| a |
Аннотация |
Автор - шведский химик и ведущий научно-популярного журнала объясняет сюжеты из литературы и жизни, в которых люди удачно и не очень взаимодействуют с химическими элементами. |
| 333 |
Примечание о целевом назначении |
__ |
| a |
Примечание о целевом назначении |
16+ |
| 517 |
Другие варианты заглавия |
1_ |
| a |
Другие варианты заглавия |
О гороховом супе, опасности утреннего кофе и пробе мистера Марша |
| 606 |
Тематические рубрики |
__ |
| a |
Основная рубрика |
Химия |
| 606 |
Тематические рубрики |
__ |
| a |
Основная рубрика |
Общая и неорганическая химия |
| 606 |
Тематические рубрики |
__ |
| a |
Основная рубрика |
История |
| 606 |
Тематические рубрики |
__ |
| a |
Основная рубрика |
Всемирная история |
| 610 |
Ключевые слова |
0_ |
| a |
Ключевые слова |
периодическая система элементов Менделеева |
| a |
Ключевые слова |
химические элементы |
| a |
Ключевые слова |
электроны |
| a |
Ключевые слова |
водород |
| a |
Ключевые слова |
уран |
| a |
Ключевые слова |
советские атомные бомбы |
| a |
Ключевые слова |
гелий |
| a |
Ключевые слова |
дирижабли |
| a |
Ключевые слова |
сталь |
| a |
Ключевые слова |
железо |
| a |
Ключевые слова |
специи |
| a |
Ключевые слова |
мускатные орехи |
| a |
Ключевые слова |
тестостерон |
| a |
Ключевые слова |
кристаллы |
| a |
Ключевые слова |
минералы |
| a |
Ключевые слова |
металлы |
| a |
Ключевые слова |
графиты |
| a |
Ключевые слова |
углероды |
| a |
Ключевые слова |
алюминий |
| a |
Ключевые слова |
ацетон |
| a |
Ключевые слова |
олово |
| a |
Ключевые слова |
применение химических элементов |
| 686 |
Индексы других классификаций |
__ |
| a |
Индекс ББК |
24.1 |
| a |
Индекс ББК |
63.3(0) |
| 700 |
Автор |
_1 |
| a |
Фамилия |
Орстрем |
| b |
Имя |
Л. |
| g |
Полное личное имя |
Ларс |
| c |
Титул (звания) |
профессор неорганической химии в Техническом университете Чалмерса (Швеция) |
| 702 |
Вторичная интеллектуальная ответственность |
_1 |
| a |
Фамилия |
Постникова |
| b |
Имя |
О. |
| g |
Полное личное имя |
Оксана |
| c |
Титул (звания) |
переводчик |
| 702 |
Вторичная интеллектуальная ответственность |
_1 |
| a |
Фамилия |
Сорокин |
| b |
Имя |
И. |
| g |
Полное личное имя |
Иван |
| c |
Титул (звания) |
доцент химического факультета МГУ имени М. В. Ломоносова |
| 801 |
Источник записи |
_0 |
| a |
Страна |
RU |
| b |
Организация |
Центральная районная библиотека им. Г. А. Пирожникова |
| g |
Правила каталогизации |
bzbo |
| c |
Дата составления |
20210929 |
| 801 |
Источник записи |
_1 |
| a |
Страна |
RU |
| b |
Организация |
Центральная районная библиотека им. Г. А. Пирожникова |
| g |
Правила каталогизации |
bzbo |
| c |
Дата составления |
20210929 |
| 852 |
Данные о местонахождении |
__ |
| j |
Шифр хранения |
24.1 |
| i |
Авторский знак |
О-701 |
| 901 |
Тип документа |
__ |
| t |
Тип документа |
m |
| 902 |
Роль лиц |
__ |
| a |
Создатель БЗ |
ОКиО/Колмакова |